00854nam a2200217 a 450000100100000000500170001000800410002702000180006804000250008608200150011110000370012624501490016326000410031230000200035350400270037359000260040070000460042670000340047295201130050699900170061900004055220201002034217.0130830s2012 sp r 000 0 spa d a9788469521267 aDO-SdBNPbspacBNPHU axxxxbxxxx1 aVázquez Serrano, Carmen96687210aActuaciones en las alteraciones del sueño de los niños /cCarmen Vázquez Serrano, Francisca socorro López López, Camen Ríos Paredes. aMadrid :bGráfica Alhambra,c2012. a87 p. ;c22 cm. aBibliografía : p. 87 aInventariado, 2019/BT1 aLópez López, Francisca socorro9668751 aRíos Paredes, Carmen966874 001050718MOaGRbGRcHDd2013-08-30iLF1l0oxxxx xxxxp40552-10r2020-06-25w2020-06-25y1ZNo se presta c40042d40042